Quizzes
Events
Quiz Creation
Community
Videos
Private Events
Remove Ads
Sign In
Join for FREE
Feedback
Dark Mode
Quiz Categories
Sports
Geography
Music
Movies
Television
Just For Fun
Miscellaneous
History
Literature
Language
Science
Gaming
Entertainment
Religion
Holiday
For Kids
Quiz Lab
Recent
Popular Today
Quiz Kudos Today
Editor Picks
Curator Picks
Quizzes by...
Day
Popularity
Type
Ratings
Length
Year
Community
Subscriptions
Recent Discussions
Orange Saloon
Badges
Playlists
Quests
Create
Leaderboards
Showdown
Live 5
Trivia Bingo
Activity
Puzzle Library
Sporcle Events
Private Events
Virtual Trivia
Globe League
Become a Host
Pub Owners
SporcleCon
Opinionation
Our Games
Videos
Blog
Mobile Apps
Partnerships
Remove Ads and Go Orange
Feedback
Sports
Athletes
MLB
NBA
NHL
NFL
Soccer
Sports Teams
WWE
NCAA
Football
Premier League
Basketball
Baseball
Hockey
Golf
Tennis
Cricket
Rugby
Auto Racing
Olympics
World Cup
Sports
Athletes
MLB
NBA
NHL
NFL
Soccer
Sports Teams
WWE
NCAA
Football
Premier League
Basketball
Baseball
Hockey
Golf
Tennis
Cricket
Rugby
Auto Racing
Olympics
World Cup
Random Quiz
Search Sporcle
×
Quiz Lab
Quiz Lab
Sports
Summerslam
Type in answers that appear in a list
Type in answers that appear in a list
Classic
Best Score? Go Orange.
Top 30 most summerslam matches Stats
Can you name the top 30 most summerslam matches?
By
bladerunner
10m
30 Questions
77 Plays
77 Plays
77 Plays
Comments
Comments
Give Quiz Kudos
Give Quiz Kudos
-
- Ratings
hide this ad
Replay
Link that replays current quiz
Next Quiz
Link to next quiz in quiz playlist
You Got
0%
They Got
Avg Score
65%
Avg Friend Score
Upgrade to see
Score Distribution
Jump to the score distribution portion of the page
Score
0/30
Timer
10:00
0
Plays Today
% Correct
The Undertaker
96.1%
Shawn Michaels
87%
Kane
87%
John Cena
81.8%
Edge
80.5%
Triple H
77.9%
Bret Hart
77.9%
Chris Jericho
76.6%
Hulk Hogan
72.7%
The Rock
72.7%
Jeff Hardy
71.4%
Matt Hardy
71.4%
Christian
70.1%
Randy Orton
67.5%
Steve Austin
67.5%
% Correct
Kurt Angle
64.9%
Chris Benoit
62.3%
Eddie Guerrero
61%
Batista
59.7%
Rey Mysterio
58.4%
Big Show
58.4%
C.M. Punk
57.1%
Ted Dibiase
50.6%
Mic Foley
49.4%
Ultimate Warrior
49.4%
Billy Gunn
48.1%
Booker T
48.1%
John ' Bradshaw' Layfield
44.2%
Davey Boy Smith
42.9%
Sean Waltman
39%
Quiz Playlist
Details
Report
Send in Message
Add To Playlist
Classic:
Type in answers that appear in a list
Last Updated: Feb 16, 2017
Quiz Scoreboard
CHALLENGE
Sign Up to Join the Scoreboard
Show All
Scores
Hide
Comments
May contain spoilers
Recently Published
College Basketball Coaching Resumes
by pancakes188
Sports
9m
Billboard Blitz: Fleetwood Mac
by CooCooCachoo
Music
15s
Presidents Visiting Landmarks
by Hejman
History
7m
More to Explore
Quiz From the Vault
Featured Blog Post
Where Did the Easter Bunny Come From?
hide this ad
You Might Also Like...
Tags
Matching
Summerslam
Today's Top Quizzes in Sports
Browse Sports
hide this ad
Today's Top Quizzes in Summerslam
Browse Summerslam
Top Contributed Quizzes in Sports
1
2022 World Cup Stars
2
Les meilleurs buteurs des matchs entre le PSG et l’OM
3
FIFA Club World Cup Champions
4
Les entraîneurs de l'OM et du PSG au 21e siècle
5
Criteria MLB: Left Handed Sluggers
6
AFC Teams Reveal (Wrong Answers Minefield)
7
5-to-1: UK Sports Teams
8
5-to-1: FBS Animal Nicknames
9
2023 MLB Unique Player Accomplishments
10
Name the Premier League winners with different clubs
Explore More
Trending Topics
Harry Potter
Anime
NBA
Marvel
Crossword
Disney
Kpop
Song
Soccer
Puzzle
WWE
The Office
Country
Pokémon
NFL
hide this ad
More By:
bladerunner
Quiz
Plays
Rating
Category
Featured
Created
WWE Championship matches at Survivor Series
2,865
2.92
Sports
Nov 4, 2012
Tag teams or factions in History Part 2
1,685
1.58
Sports
Sep 18, 2012
Tag Teams or Factions in history Part 3
1,613
1.38
Sports
Sep 18, 2012
WWE Championship matches at The Royal Rumble
1,282
2.36
Sports
Nov 15, 2012
Give Me 5 Wrestlers i beat for first 5 WWE title reigns
1,223
2.00
Sports
Apr 22, 2015
Go to Creator's Profile
Score Distribution
Quiz Creator Spotlight
bladerunner
Follow
Send a Message
Quizzes Created
-
Created Quiz Play Count
-
More By This Creator
Popular Quizzes Today
1
Find the US States - No Outlines Minefield
2
Find the Countries of Europe - No Outlines Minefield
3
The Countries of the World
4
Find the US States
5
Risky Map Clicking: Biggest States A-Z
6
US States
7
Popular People in 1961
8
Movies - When Are They Set?
More Sports Quizzes
Clueless Letter Lines: UK Premier League
Curator's Pick
Trending Quizzes
Risky Map Clicking: Least Populous States A-Z
1-10 Letter G Words
1-10 Letter F Words
Risky Map Clicking: Next State Alphabetically
Risky Map Clicking: Biggest States A-Z
Recently Updated
Leaping Animals
pecheneg
Reality TV Shows (A-Z)
bhenderson79
Rickey Henderson's Hall of Fame Teammates
pecheneg
Champions League XIs: Arsenal
pecheneg
Quick Pick: Celebrities in WWE's Hall of Fame
aduchscher
A-Z Keypad Blitz II
pecheneg
Multiple Oscar Actors
pecheneg
Mystery Phrase Blitz: Oscar 'Best Actors'
pecheneg
F. Scott Fitzgerald Novels
LTH
Pick 3 Villains
ddd62291
Trending Topics
Disney
Kpop
Marvel
Harry Potter
Crossword
Anime
NBA
Soccer
NFL
Pokémon
The Office
Puzzle
Song
WWE
Country
Your Account Isn't Verified!
In order to create a playlist on Sporcle, you need to verify the email address you used during registration. Go to your
Sporcle Settings
to finish the process.
Report this User
Report this user for behavior that violates our
Community Guidelines
.
Details:
Send Report
Go to the Sporcle.com Mobile Site →
Comments